Catalog

Record Details

Catalog Search



Prairie day : adapted from the Little house books ... Read More

Available copies

  • 4 of 7 copies available at LARL/NWRL Consortium. (Show)
  • 3 of 5 copies available at Northwest Regional Library.

Current holds

1 current hold with 7 total copies.

Show Only Available Copies
Location Call Number / Copy Notes Barcode Shelving Location Status Due Date
Godel Memorial-Warren Library e PRA (Text) 35500004367171 Main Checked out 07/23/2026
Hallock Public Library E pb (Text) 35500003938030 Main In transit -
Hallock Public Library e PRA (Text) 35500003860358 Main Available -
Hallock Public Library e PRA (Text) 35500006639742 Main Available -
Roseau Public Library e PRA (Text) 35500005689763 Main Available -

Record details

  • ISBN: 0060259051
  • ISBN: 006025906X (lib. bdg.)
  • ISBN: 9780064435048 (pbk.)
  • Physical Description: 1 v. (unpaged) : col. ill. ; 24 cm.
  • Publisher: New York : HarperCollins Publishers, c1997.

Content descriptions

General Note:
"Text adapted from Little house on the prairie"--T.p. verso.
Summary, etc.:
A little girl and her pioneer family travel ... Read More
Subject: Wilder, Laura Ingalls, 1867-1957 > Juvenile fiction.
Frontier and pioneer life > Juvenile fiction.
Families > Juvenile fiction.
LDR 01618cam a2200349 a 4500
00123766
003LARL_NWRL_CONSORTIUM
00520260313163111.0
008960329s1997 nyua b 000 1 eng
020 . ‡a0060259051
020 . ‡a006025906X (lib. bdg.)
020 . ‡a9780064435048 (pbk.)
035 . ‡a(OCoLC)34590893
03500. ‡ilcmarc/AUL-2033/KRLTECH
08200. ‡a[E] ‡220
099 . ‡aP
1001 . ‡aWilder, Laura Ingalls, ‡d1867-1957. ‡0(LARL_NWRL_CONSORTIUM)59494
24500. ‡aPrairie day : ‡badapted from the Little house books by Laura Ingalls Wilder / ‡cillustrated by Renée Graef.
260 . ‡aNew York : ‡bHarperCollins Publishers, ‡cc1997.
300 . ‡a1 v. (unpaged) : ‡bcol. ill. ; ‡c24 cm.
4900 . ‡aMy first Little house books
500 . ‡a"Text adapted from Little house on the prairie"--T.p. verso.
520 . ‡aA little girl and her pioneer family travel westward to find a new home on the prairie.
60010. ‡aWilder, Laura Ingalls, ‡d1867-1957 ‡vJuvenile fiction.
650 0. ‡aFrontier and pioneer life ‡vJuvenile fiction. ‡0(LARL_NWRL_CONSORTIUM)172260
650 0. ‡aFamilies ‡vJuvenile fiction. ‡0(LARL_NWRL_CONSORTIUM)164956
7001 . ‡aWilder, Laura Ingalls, ‡d1867-1957. ‡0(LARL_NWRL_CONSORTIUM)59494
7001 . ‡aGraef, Renee. ‡0(LARL_NWRL_CONSORTIUM)86373
901 . ‡a23766 ‡bOCLC ‡c23766 ‡tbiblio

Additional Resources